000 00355nam a2200145Ia 4500
008 240624s9999 xx 000 0 und d
041 _aeng
082 _a658.4012 BES
100 _aBESANKO DAVID
245 _aECONOMICS OF STRATEGY
250 _a(6th ed.)
260 _c2013
_aNew Delhi
_bWiley
300 _axx, : 534 : p. : cm. ; 26
365 _cRS
_b33
999 _c24691
_d24691